000 00714nam a22002177a 4500
003 OSt
005 20251009020640.0
008 251009b |||||||| |||| 00| 0 eng d
020 _a9786218179134
040 _aDWCL-Main lib
_cOC
082 _aFil. 395.52 A678p 2021
100 _aArenas, Chester Dave G.
245 _aProfessional Development & Applied Ethics/
_cChester Dave G. Arenas
260 _aManila, Philippines :
_b EDRIC Publishing House,
_cc2021.
300 _a129 pages :
_b Illustration
_c25cm.
504 _aIncludes Bibliographical References.
650 _a1. Business Etiquette
650 _a2. Career Development
650 _a3. Communication Skills
942 _2ddc
_cBK - FIL
_kFil.
_n0
999 _c4744
_d4744